| 000 | 00868nam a22002057a 4500 | ||
|---|---|---|---|
| 999 |
_c2673 _d2673 |
||
| 003 | AR-CdUCM | ||
| 008 | 190305b ||||| |||| 00| 0 spa d | ||
| 040 |
_aMUNICIPALIDAD PROVINCIAL DEL CUSCO _cBIBLIOTECA MUNICIPAL DEL CUSCO |
||
| 082 |
_a330.974 / _bS55 |
||
| 100 |
_aSilva Herzog, Jesús _95012 |
||
| 245 | _aEl pensamiento económico, social y político de México 1810-1964 / | ||
| 260 |
_aMexico, D.F : _bInstitución mexicano de investigación económicas, _c1967. |
||
| 300 |
_a748 paginas ; _c24 cm. |
||
| 505 | _aLos dos grandes de la independencia: Miguel Hidalgo y Costilla y José Maria Morelos y Pavón -- Dos eclesiásticos muy diferentes : Fray Servando de Mier y Francisco Severo Maldonado ... | ||
| 650 |
_aPensamiento económico _96273 |
||
| 650 |
_asocial y político _99389 |
||
| 650 |
_aIndustria _94386 |
||
| 942 |
_2ddc _cLIBROS |
||
| 945 | _aacv | ||